000 01555aam a2200337 i 4500
001 768714001
003 CO-MdFUSB
005 20211103110423.0
007 ta
008 211103t1996 -usda||| |||| 00| 0 spa d
020 _a1559456639
040 _bspa.
_aCO-MdFUSB
_cCO-MdFUSB
_dCO-MdFUSBC
_erda
041 _aspa
_heng
082 0 4 _a268.6
_223
_bS3871p
100 1 _aSchultz, Thom
_eautor
240 _aWhy nobody learns much of anything at church : And how to fix it
245 1 0 _aPor qué nadie aprende mucho de nada en la iglesia y cómo remediarlo
_c/ Thom Schultz , Joani Schultz ; traducido por Silvia Fernández
264 1 _aLoveland, CO., USA :
_bAcción,
_c[1996]
264 4 _c© 1996
300 _a234 páginas
_c; 23 cm
336 _atexto
_btxt
_2rdacontent
337 _2rdamedia
_asin mediación
_bn
338 _2rdacarrier
_avolumen
_bnc
505 _aIntroducción: El perdido arte del aprendizaje en la iglesia. -- Conozca el objetivo. -- Concéntrese en el aprendizaje, en lugar de en la enseñanza. -- Concéntrese en lo esencial. -- Enfatice la comprensión en lugar de la pura memorización. -- Haga que las personas piensen. -- Use el aprendizaje activo. -- Uso del aprendizaje interactivo. -- Use un plan de estudios que produzca aprendizaje auténtico. -- Renueve el sermón. -- Dé la bienvenida al cambio.
563 _aRústico
650 7 _9349
_aEducación cristiana
700 _95863
_aSchultz, Joani,
_eautor
700 _91607
_aFernández, Silvia B.,
_etraductor
942 _cBK
945 _aJTF-925
999 _c38223
_d38223